000 00465nam a2200169 i 4500
001 76007
003 ES-MaACL
005 20230906172704.0
007 t|
008 040928s1954 fr ||||1| fre d
100 1 _aGrolier, Eric de.
_960119
245 1 0 _aHistoire du livre /
_cpar Eric de Grolier.
250 _a[1er éd.].
260 _aParis :
_bPresses Universitaires de France,
_c1954.
300 _a134 p. ;
_c18 cm.
852 _aES-MaACL
_jC-15969
_bR.43450
999 _c76007
_d76007